Statistics for Soda and Beverage Can Colors

Click here to take the quiz!

General Stats

  • This quiz has been taken 712 times
  • The average score is 2 of 12

Answer Stats

HintAnswer% Correct
Coke (1)red
100%
Pepsi (2)red blue
36%
Mountain Dew (2)green red
16%
7 UP (2)green red
16%
Sprite (3)blue green yellow
15%
Canada Dry (2)green red
15%
Fanta (3)orange blue green
11%
A&W Root Beer (2)brown orange
10%
Mello Yello (3)green red yellow
7%
Sierra Mist (3)blue green yellow
6%
Dr. Pepper (1)burgundy
6%
Mr. Pibb (2)burgundy red
1%

Score Distribution

Percentile by Number Answered

Percent of People with Each Score

Your Score History

You have not taken this quiz